[Event "Rasht Khazar op 15th"]
[Site "Rasht"]
[Date "2017.01.23"]
[Round "5"]
[White "Sedaghati, Mehrdad"]
[Black "Sammalvuo, Tapani"]
[Result "1/2-1/2"]
[WhiteElo "2315"]
[BlackElo "2437"]
[PlyCount "228"]
[EventDate "2017.01.20"]
[EventType "swiss"]
[EventRounds "9"]
[EventCountry "IRI"]
[SourceTitle "CBM 176 Extra"]
[Source "ChessBase"]
[SourceDate "2017.03.02"]
[SourceVersion "1"]
[SourceVersionDate "2017.03.02"]
[SourceQuality "1"]

1. e4 e5 2. Nf3 Nc6 3. Bb5 a6 4. Ba4 Nf6 5. 0-0 Be7 6. Re1 b5 7. Bb3 d6 8. c3 0-0 9. h3 Nb8 10. d4 Nbd7 11. Nbd2 Bb7 12. Bc2 Re8 13. Nf1 Bf8 14. Ng3 g6 15. a4 c5 16. d5 c4 17. Bg5 h6 18. Be3 Nc5 19. Qd2 h5 20. Bg5 Be7 21. Qe3 Nh7 22. Bxe7 Qxe7 23. Ra2 Nf6 24. Rea1 Nfd7 25. Nd2 Reb8 26. Qe2 Nb6 27. a5 Nbd7 28. Ngf1 Rf8 29. Ne3 Qg5 30. g3 Nf6 31. h4 Qh6 32. Rf1 Bc8 33. f3 Ra7 34. Raa1 Re7 35. Rae1 Qg7 36. Qg2 Rfe8 37. b4 cxb3 38. Nxb3 Rc7 39. c4 bxc4 40. Nd2 c3 41. Ndc4 Nb7 42. Ba4 Bd7 43. Bxd7 Nxd7 44. Rb1 Rec8 45. Qe2 Ndc5 46. Rb6 Qf6 47. Kg2 Qe7 48. Qc2 Qd7 49. Ra1 Rd8 50. Ra3 Qe8 51. Rb4 Qd7 52. Rxc3 Rf8 53. Nb6 Qd8 54. Na4 Qe7 55. Nxc5 Nxc5 56. Rb6 Qd7 57. Nc4 Na4 58. Rxd6 Qb5 59. Rb6 Nxb6 60. axb6 Rc5 61. Nxe5 Rxc3 62. Qxc3 a5 63. g4 a4 64. gxh5 gxh5 65. Kh3 Qb3 66. Qc1 Qxb6 67. Qg5+ Kh8 68. Qxh5+ Kg7 69. Qg5+ Kh8 70. Nc6 Kh7 71. Qf5+ Kg7 72. e5 Qg1 73. Qf6+ Kh7 74. Ne7 Qb1 75. Kg4 a3 76. Kh5 Qc1 77. Nf5 Rg8 78. Qxf7+ Kh8 79. Nh6 Rg7 80. Qf8+ Kh7 81. Qf5+ Kh8 82. Qf8+ Kh7 83. Nf7 Rg8 84. Qe7 Rg7 85. Qf6 a2 86. Ng5+ Rxg5+ 87. hxg5 Qh1+ 88. Kg4 Qg1+ 89. Kf4 Qc1+ 90. Kg4 Qg1+ 91. Kf4 Qh2+ 92. Ke3 Qg1+ 93. Ke2 Qg2+ 94. Kd3 Qf1+ 95. Kc2 Qb1+ 96. Kd2 Qg6 97. Qe7+ Qg7 98. g6+ Kxg6 99. Qe6+ Kh7 100. Qf5+ Qg6 101. Qd7+ Qg7 102. Qf5+ Qg6 103. Qd7+ Kg8 104. Qc8+ Kg7 105. Qd7+ Kh6 106. Qh3+ Qh5 107. Qe6+ Qg6 108. Qh3+ Kg7 109. Qd7+ Kf8 110. Qd8+ Kg7 111. Qd7+ Kh6 112. Qh3+ Qh5 113. Qe6+ Qg6 114. Qh3+ Kg7 1/2-1/2

[Event "Rasht Khazar op 15th"]
[Site "Rasht"]
[Date "2017.01.21"]
[Round "2"]
[White "Lupulescu, Constantin"]
[Black "Sedaghati, Mehrdad"]
[Result "1-0"]
[WhiteElo "2625"]
[BlackElo "2315"]
[PlyCount "127"]
[EventDate "2017.01.20"]
[EventType "swiss"]
[EventRounds "9"]
[EventCountry "IRI"]
[SourceTitle "CBM 176 Extra"]
[Source "ChessBase"]
[SourceDate "2017.03.02"]
[SourceVersion "1"]
[SourceVersionDate "2017.03.02"]
[SourceQuality "1"]

1. d4 Nf6 2. c4 e6 3. Nf3 b6 4. Bf4 Bb7 5. e3 d5 6. Nc3 Bd6 7. Bg5 Nbd7 8. cxd5 exd5 9. Bd3 0-0 10. 0-0 a6 11. Bf5 h6 12. Bh4 Be7 13. Qc2 Re8 14. Rac1 Nf8 15. Ne2 Bd6 16. Ne5 c5 17. Ng4 Be7 18. Bxf6 Bxf6 19. dxc5 bxc5 20. Qxc5 Bxb2 21. Rb1 Bc8 22. Bxc8 Rxc8 23. Qb4 Bf6 24. Nxf6+ Qxf6 25. Qb3 Red8 26. Rfd1 Qe5 27. Qb2 Qf5 28. Nd4 Qf6 29. Qb7 a5 30. Qb6 Ne6 31. Qxa5 Ra8 32. Qd2 Nxd4 33. exd4 Ra4 34. Rb4 Rda8 35. Rxa4 Rxa4 36. Qb2 Qa6 37. Rd2 Qe6 38. Qb8+ Kh7 39. Qb1+ Qg6 40. Qxg6+ Kxg6 41. Kf1 Kf5 42. Ke2 g5 43. Kd1 h5 44. Kc1 Ke4 45. Kb2 g4 46. g3 f5 47. Kb3 Ra8 48. a4 f4 49. gxf4 h4 50. Kb4 Rb8+ 51. Kc5 Rc8+ 52. Kb5 Rb8+ 53. Kc6 Ra8 54. Ra2 Kxd4 55. a5 Ke4 56. a6 d4 57. Kb7 Rf8 58. a7 Kxf4 59. a8Q Rxa8 60. Kxa8 Kf3 61. Kb7 d3 62. Kc6 Kg2 63. f4+ Kh3 64. Rd2 1-0

[Event "Tehran Paytakht Cup 1st"]
[Site "Tehran"]
[Date "2016.10.28"]
[Round "4"]
[White "Sedaghati, Mehrdad"]
[Black "Rostami, Rouzbeh"]
[Result "1-0"]
[WhiteElo "2267"]
[BlackElo "2125"]
[PlyCount "97"]
[EventDate "2016.10.25"]
[EventType "swiss"]
[EventRounds "9"]
[EventCountry "IRI"]
[SourceTitle "EXT 2018"]
[Source "ChessBase"]
[SourceDate "2017.10.13"]
[SourceVersion "1"]
[SourceVersionDate "2017.10.13"]
[SourceQuality "1"]

1. e4 e5 2. Nf3 Nc6 3. Bb5 a6 4. Ba4 Nf6 5. d3 Bc5 6. 0-0 d6 7. c3 Ba7 8. Nbd2 0-0 9. h3 b5 10. Bb3 Ne7 11. d4 Ng6 12. Re1 Nh5 13. Nf1 Nhf4 14. Bxf4 Nxf4 15. dxe5 Bxh3 16. gxh3 Nxh3+ 17. Kg2 Nxf2 18. Qd5 Kh8 19. exd6 cxd6 20. Ne3 Bxe3 21. Rxe3 Ng4 22. Re2 Qe7 23. Qg5 Nf6 24. Nd4 Rfe8 25. Rf1 Rac8 26. Nf5 Qf8 27. Ng3 Rc5 28. Qh4 Rce5 29. Rxf6 gxf6 30. Qxf6+ Qg7 31. Qxg7+ Kxg7 32. Rf2 f6 33. Nf5+ Kg6 34. Nxd6 Rg5+ 35. Kf1 Re7 36. Bd5 h5 37. Nf5 Rd7 38. b3 Rd8 39. c4 bxc4 40. bxc4 Rb8 41. c5 Rb1+ 42. Ke2 Rgg1 43. c6 Kg5 44. Bc4 Rgc1 45. Ne3 Rb2+ 46. Kf3 Rb6 47. Rg2+ Kh4 48. Kf4 Rh1 49. Rg3 1-0

[Event "Tehran Women-Men"]
[Site "Tehran"]
[Date "2016.08.27"]
[Round "4.2"]
[White "Sedaghati, Mehrdad"]
[Black "Pourkashiyan, Atousa"]
[Result "0-1"]
[WhiteElo "2337"]
[BlackElo "2335"]
[PlyCount "112"]
[EventDate "2016.08.24"]
[EventType "schev"]
[EventRounds "5"]
[EventCountry "IRI"]
[SourceTitle "EXT 2018"]
[Source "ChessBase"]
[SourceDate "2017.10.13"]
[SourceVersion "1"]
[SourceVersionDate "2017.10.13"]
[SourceQuality "1"]

1. e4 c5 2. Nc3 a6 3. Nge2 e6 4. d4 cxd4 5. Nxd4 Qc7 6. Bd3 Nf6 7. 0-0 d6 8. Qe2 Nbd7 9. Kh1 Be7 10. f4 0-0 11. Bd2 b6 12. Rae1 Bb7 13. e5 dxe5 14. fxe5 Nd5 15. Nxd5 Bxd5 16. c4 Bb7 17. Qh5 g6 18. Qh3 Nc5 19. Bc2 Rad8 20. Bc3 Bc6 21. b3 Bg5 22. Ba1 a5 23. a3 Na6 24. Bb2 Rc8 25. Bd1 Qe7 26. Bf3 Be8 27. Bg4 Bd7 28. Be2 Nc5 29. Rd1 Rfd8 30. Bf3 Be8 31. Bg4 h5 32. Be2 Bh6 33. Ba1 Bg7 34. Qe3 Kh7 35. b4 Bh6 36. Qf3 axb4 37. axb4 Na6 38. b5 Nc5 39. Bb2 Rc7 40. Nb3 Nxb3 41. Qxb3 Rxd1 42. Rxd1 Rd7 43. Bd4 Qd8 44. Bf2 Qc7 45. Rxd7 Bxd7 46. Qd3 Bg7 47. Qd4 Bc8 48. Qxb6 Qxe5 49. Qe3 Qa1+ 50. Bg1 Bb7 51. c5 Bd5 52. Bf3 Bxf3 53. gxf3 Qf1 54. Qf4 e5 55. Qxf7 e4 56. Qa2 e3 0-1

[Event "Tehran Women-Men"]
[Site "Tehran"]
[Date "2016.08.26"]
[Round "3.3"]
[White "Hejazipour, Mitra"]
[Black "Sedaghati, Mehrdad"]
[Result "1-0"]
[WhiteElo "2327"]
[BlackElo "2337"]
[PlyCount "59"]
[EventDate "2016.08.24"]
[EventType "schev"]
[EventRounds "5"]
[EventCountry "IRI"]
[SourceTitle "EXT 2018"]
[Source "ChessBase"]
[SourceDate "2017.10.13"]
[SourceVersion "1"]
[SourceVersionDate "2017.10.13"]
[SourceQuality "1"]

1. d4 Nf6 2. c4 e6 3. g3 d5 4. Bg2 Be7 5. Nf3 0-0 6. 0-0 dxc4 7. Qc2 a6 8. a4 Bd7 9. Rd1 Bc6 10. Nc3 Nd5 11. e4 Nxc3 12. bxc3 b5 13. d5 exd5 14. exd5 Bb7 15. Nd4 Bc5 16. Bf4 Bxd4 17. Rxd4 Nd7 18. Rb1 Nb6 19. axb5 axb5 20. Rxb5 Ra1+ 21. Rb1 Rxb1+ 22. Qxb1 Bxd5 23. Bxd5 Nxd5 24. Qb7 c6 25. Qxc6 Ne7 26. Qe4 Qa8 27. Bd6 Nc6 28. Bxf8 Qa1+ 29. Kg2 Nxd4 30. Qe8 1-0

[Event "Arak op 15th"]
[Site "Arak"]
[Date "2016.08.16"]
[Round "9"]
[White "Sedaghati, Mehrdad"]
[Black "Khajavi, Armin"]
[Result "1-0"]
[WhiteElo "2337"]
[BlackElo "2135"]
[PlyCount "81"]
[EventDate "2016.08.11"]
[EventType "swiss"]
[EventRounds "11"]
[EventCountry "IRI"]
[SourceTitle "CBM 173 Extra"]
[Source "ChessBase"]
[SourceDate "2016.08.29"]
[SourceVersion "1"]
[SourceVersionDate "2016.08.29"]
[SourceQuality "1"]

1. e4 c5 2. Nc3 Nc6 3. g3 g6 4. Bg2 Bg7 5. d3 d6 6. Be3 e5 7. Qd2 Rb8 8. f4 Nf6 9. Nge2 Nd4 10. h3 0-0 11. 0-0 Nh5 12. f5 gxf5 13. exf5 Nxf5 14. Rxf5 Bxf5 15. g4 Be6 16. gxh5 f5 17. Bg5 Qe8 18. h6 Bf6 19. Nd5 Bd8 20. h4 Kh8 21. Nef4 Qf7 22. Nxe6 Qxe6 23. Kh2 Rg8 24. Bf3 Bxg5 25. hxg5 e4 26. Qc3+ Qe5+ 27. Qxe5+ dxe5 28. dxe4 fxe4 29. Bxe4 Rxg5 30. Nf6 Rf8 31. Rf1 Rf7 32. Kh3 Rh5+ 33. Nxh5 Rxf1 34. Kg4 b5 35. Kg5 c4 36. Nf6 Ra1 37. Nxh7 Rxa2 38. Nf8 Rxb2 39. Ng6+ Kg8 40. Nxe5 Rb1 41. Kf6 1-0

[Event "IRI Cities-chT"]
[Site "Esfahan"]
[Date "2016.05.15"]
[Round "7.1"]
[White "Niknaddaf, Ali"]
[Black "Sedaghati, Mehrdad"]
[Result "1/2-1/2"]
[WhiteElo "2218"]
[BlackElo "2326"]
[PlyCount "154"]
[EventDate "2016.05.11"]
[EventType "team-swiss"]
[EventRounds "7"]
[EventCountry "IRI"]
[SourceTitle "CBM 172 Extra"]
[Source "ChessBase"]
[SourceDate "2016.06.21"]
[SourceVersion "1"]
[SourceVersionDate "2016.06.21"]
[SourceQuality "1"]
[WhiteTeam "Esfahan II"]
[BlackTeam "Karaj Chesssboard"]
[WhiteTeamCountry "IRI"]
[BlackTeamCountry "IRI"]

1. e4 c5 2. c3 b6 3. d4 Bb7 4. Bd3 Nf6 5. Qe2 e6 6. Nf3 Be7 7. Nbd2 d6 8. 0-0 Nc6 9. a3 Qc7 10. Re1 a6 11. e5 Nd5 12. Nf1 b5 13. a4 cxd4 14. axb5 axb5 15. Rxa8+ Bxa8 16. cxd4 b4 17. Qe4 Bb7 18. Qg4 Bf8 19. Ng3 Nce7 20. exd6 Qxd6 21. Ne5 Nf6 22. Bb5+ Bc6 23. Bxc6+ Nxc6 24. Qf3 Nd8 25. Qa8 Be7 26. Qa4+ Kf8 27. Be3 h6 28. h4 g6 29. h5 g5 30. Rc1 Kg7 31. Rc8 Rf8 32. Qc2 Qa6 33. Rc7 Nd5 34. Rd7 Qb5 35. Ne4 b3 36. Qb1 Qe2 37. Nc3 Nxc3 38. bxc3 Re8 39. Qxb3 Qxh5 40. f3 Qh4 41. Qb1 Kg8 42. c4 h5 43. Qd1 Bf6 44. c5 Bxe5 45. dxe5 Nc6 46. Bf2 Qf4 47. Rd6 Nxe5 48. Rd8 Rxd8 49. Qxd8+ Kh7 50. Bd4 Ng6 51. Qf6 e5 52. Qxf4 gxf4 53. Bc3 f6 54. c6 Ne7 55. c7 Kg7 56. Kh2 Kf7 57. Bb4 Nc8 58. Kh3 Ke6 59. Kh4 Kd7 60. Kxh5 Nb6 61. Kg6 Nd5 62. Ba5 Ne3 63. Kxf6 Nxg2 64. Kxe5 Kc8 65. Kf5 Kd7 66. Kg4 Kc8 67. Bd2 Ne3+ 68. Kxf4 Nd5+ 69. Ke5 Nxc7 70. Kd6 Nb5+ 71. Ke7 Nc7 72. Ba5 Nd5+ 73. Kd6 Nf4 74. Bd2 Ng6 75. Bg5 Kb7 76. Ke6 Kc6 77. Kf6 Nf8 1/2-1/2